000 01746nam2a2200397 4500
001 RU\NLR\bibl\252523
005 20250620123326.0
010 _a5-8173-0013-3
_9550
021 _aRU
_b2001-47676
_92287
035 _a(NLR Aleph) 000248317
090 _a1448471
_c1448471
100 _a20020320d2001 |||y0rusy50 ca
101 0 _arus
102 _aRU
105 _ay |||||||||
200 1 _aЭмоционально-волевая сфера
210 _d2001
_aБ. м.
215 _a15 с.
320 _aБиблиогр.: с. 14 (14 назв.)
461 0 _1001RU\NLR\bibl\260588
_12001#$aПсихология и педагогика в схемах и таблицах$vЧ. 2
_91496123
_cКрасноярск
_d2001
_f[Игнатова В.В., Орлова С.Н., Сидоров Д.В., Назарова Е.Н.]
_nСибГТУ
_oУчеб. пособие для всех спец. дневной и заоч. форм обучения
_tПсихология и педагогика в схемах и таблицах
_vЧ. 2
606 0 _aЭмоции
_jСхемы
_xПсихологические исследования
_92068859
_3RU\NLR\auth\661243527
606 0 _aВоля
_jСхемы
_xПсихологические исследования
_92141598
_3RU\NLR\auth\661290734
610 0 _aВоля (психол.) (ч. 2)
610 0 _aЭмоции - Психология (ч. 2)
610 0 _aПсихология
675 _a[159.9
_v3
_zrus
675 _a37.01](075.8)
_v3
_zrus
686 _a15
_2rugasnti
686 _a88я73
_2rubbk
686 _aЮ935.2я73
801 0 _aRU
_bRKP
_c20020320
_gPSBO
801 1 _aRU
_bRKP
_c20020320
801 2 _aRU
_bNLR
_c20020821
_grcr
942 _cBOOK
980 _aNB